The dynamics of full employment : social integration through transitional labour markets

Αποθηκεύτηκε σε:
Λεπτομέρειες βιβλιογραφικής εγγραφής
Άλλοι συγγραφείς: Schmid, Gunter (Επιμελητής έκδοσης), Gazier, Bernard (Επιμελητής έκδοσης)
Μορφή: Βιβλίο
Γλώσσα:English
Δημοσίευση: Cheltenham, UK : Northampton, MA, USA : Edward Elgar, c2002
Σειρά:Labour markets and employment policy
Θέματα:
Ετικέτες: Προσθήκη ετικέτας
Δεν υπάρχουν, Καταχωρήστε ετικέτα πρώτοι!

MARC

LEADER 00000nam a2200000 i 4500
001 1/78211
008 050608s2002 eng d
020 |a 1-84064-281-5 
035 |l 10078444 
040 |a GR-MY-UA  |b gre  |e aacr 
041 0 |a eng 
082 0 |a 339.5  |2 (22) 
245 1 4 |a The dynamics of full employment :  |b social integration through transitional labour markets /  |c επιμέλεια: Gnther Schmid, Bernard Gazier 
260 |a Cheltenham, UK :   |a Northampton, MA, USA :   |b Edward Elgar,   |c c2002 
300 |a xvii, 433 σ.;  |b σχ.;  |c 24 εκ. 
490 1 |a Labour markets and employment policy 
504 |a Περιλαμβάνει βιβλιογραφικές αναφορές και ευρετήριο 
650 0 0 |a Full employment policies. 
650 0 0 |a International cooperation. 
700 1 |a Schmid, Gunter.  |4 edt 
700 1 |a Gazier, Bernard.  |4 edt 
830 0 |a Labour markets and employment policy 
852 |a INST  |b CHIOS  |e 20050608  |h 339.5 DYN  |p 005200021701  |q 005200021701  |t BK  |y 0 
901 |a BIBL2-2005-2 
909 |a Χ  |b 118766 
920 |a ΔΙΕΥΡΥΝΣΗ  |b ΕΠΕΑΕΚ-ΤΜΟΔ  |y ΧΙΟΣ  |z 2004-12 
970 |a ΧΑΖΙΡΗ  |b ΑΝΝΑ  |z 2005/05/08